[Event "KAZ-ch"]
[Site "Astana"]
[Date "2023.12.17"]
[Round "6"]
[White "Abdilkhair, Abilmansur"]
[Black "Kazhgaleyev, Murtas"]
[Result "1-0"]
[WhiteElo "2255"]
[BlackElo "2490"]
[PlyCount "55"]
[EventDate "2023.12.13"]
[EventType "tourn"]
[EventRounds "13"]
[EventCountry "KAZ"]
[EventCategory "6"]
[SourceTitle "CB52_2023"]
[SourceDate "2023.12.27"]
[SourceVersion "1"]
[SourceVersionDate "2023.12.27"]
[SourceQuality "1"]

1. e4 c5 2. Nf3 e6 3. d4 cxd4 4. Nxd4 a6 5. c4 Nf6 6. Nc3 Bb4 7. Qd3 d6 8. f3 Nbd7 9. Be3 d5 10. exd5 exd5 11. Nc2 dxc4 12. Qxc4 Ba5 13. 0-0-0 0-0 14. g4 Bb6 15. Bxb6 Qxb6 16. g5 Ne5 17. Qe2 Nfd7 18. Nd5 Qa5 19. f4 Nc6 20. b4 Qd8 21. Qh5 a5 22. Bd3 g6 23. Qh6 Nxb4 24. Ncxb4 axb4 25. f5 Ra6 26. Bxa6 Kh8 27. Nf6 Qc7+ 28. Kb1 1-0

[Event "KAZ-ch"]
[Site "Astana"]
[Date "2023.12.16"]
[Round "4"]
[White "Urazayev, Arystanbek"]
[Black "Kazhgaleyev, Murtas"]
[Result "1-0"]
[WhiteElo "2472"]
[BlackElo "2490"]
[PlyCount "135"]
[EventDate "2023.12.13"]
[EventType "tourn"]
[EventRounds "13"]
[EventCountry "KAZ"]
[EventCategory "6"]
[SourceTitle "CB52_2023"]
[SourceDate "2023.12.27"]
[SourceVersion "1"]
[SourceVersionDate "2023.12.27"]
[SourceQuality "1"]

1. e4 e5 2. Nf3 Nc6 3. Bb5 a6 4. Ba4 Nf6 5. 0-0 Be7 6. d3 d6 7. c3 0-0 8. Re1 Re8 9. h3 Bf8 10. Bg5 h6 11. Bh4 b5 12. Bc2 Bb7 13. Nbd2 Nb8 14. Nf1 Nbd7 15. Ne3 g6 16. Ng4 Bg7 17. Qd2 g5 18. Nxf6+ Qxf6 19. Bg3 Nc5 20. Nh2 h5 21. Nf1 Ne6 22. Ne3 Nf4 23. Bb3 Kh8 24. Qd1 Qg6 25. a4 Bc6 26. Bxf4 gxf4 27. Nd5 Bd7 28. Kf1 Bh6 29. d4 f5 30. Bc2 exd4 31. Qxd4+ Bg7 32. Qd1 fxe4 33. Nxf4 Qf5 34. Qxh5+ Qxh5 35. Nxh5 d5 36. Rad1 Bc6 37. Nxg7 Kxg7 38. Rd4 Kf6 39. Re3 Reb8 40. f3 bxa4 41. Bxa4 Bxa4 42. Rxa4 Rxb2 43. fxe4 dxe4 44. Raxe4 a5 45. Rf3+ Kg6 46. Rg4+ Kh6 47. Rf6+ Kh7 48. Rf7+ Kh6 49. Rf6+ Kh7 50. Rff4 Ra6 51. Rc4 Kh6 52. Kg1 Ra2 53. Rg3 Kh5 54. Rxc7 Kh6 55. Rc4 Kh5 56. Rc8 a4 57. Rh8+ Rh6 58. Ra8 Rc6 59. c4 Kh4 60. Kh2 Kh5 61. c5 Rc2 62. Rxa4 R2xc5 63. Ra8 Rh6 64. Rg7 Rb5 65. Ra4 Rc6 66. Rg8 Rc7 67. Rh8+ Kg6 68. Rg4+ 1-0

[Event "KAZ Cup Final"]
[Site "Almaty"]
[Date "2023.11.29"]
[Round "1.4"]
[White "Rasulov, Vugar Ural Oglu"]
[Black "Kazhgaleyev, Murtas"]
[Result "0-1"]
[WhiteElo "2544"]
[BlackElo "2490"]
[PlyCount "106"]
[EventDate "2023.11.28"]
[EventType "k.o."]
[EventRounds "4"]
[EventCountry "KAZ"]
[SourceTitle "CB49_2023"]
[SourceDate "2023.12.06"]
[SourceVersion "1"]
[SourceVersionDate "2023.12.06"]
[SourceQuality "1"]

1. e4 e5 2. Nf3 Nc6 3. Bb5 a6 4. Ba4 Nf6 5. d3 d6 6. 0-0 Bd7 7. c4 g6 8. Nc3 Bg7 9. h3 0-0 10. Be3 Nh5 11. c5 Nd4 12. cxd6 Bxa4 13. dxc7 Nxf3+ 14. Qxf3 Qd7 15. Nd5 Bc6 16. Rac1 Bxd5 17. exd5 Rfc8 18. d6 Bf8 19. Qxb7 Bxd6 20. Rc6 Ng7 21. Rfc1 Ne6 22. Bb6 Nf4 23. R6c2 Kg7 24. Be3 Ne6 25. Qd5 Qe7 26. Bb6 Bxc7 27. Rxc7 Nxc7 28. Rxc7 Rxc7 29. Qxa8 Rc1+ 30. Kh2 Qd6 31. Be3 Rc2 32. Qe4 Rxb2 33. g3 Rxa2 34. h4 Qf6 35. Kg1 Qf5 36. Qd5 Rc2 37. d4 e4 38. Qd6 Qe6 39. Qf4 Rc8 40. h5 gxh5 41. Qg5+ Qg6 42. Qe5+ f6 43. Qe7+ Qf7 44. Qxe4 Rd8 45. Qf5 Rd5 46. Qc8 a5 47. Qa8 Qd7 48. Kh2 Rxd4 49. Qxa5 h4 50. Qh5 hxg3+ 51. Kxg3 Qd6+ 52. Kh3 Qe6+ 53. Kg3 Qe5+ 0-1

[Event "St Petersburg Korchnoi Memorial op"]
[Site "St Petersburg"]
[Date "2023.08.19"]
[Round "3"]
[White "Kazhgaleyev, Murtas"]
[Black "Babanin, Gleb"]
[Result "1/2-1/2"]
[WhiteElo "2498"]
[BlackElo "2147"]
[PlyCount "171"]
[EventDate "2023.08.18"]
[EventType "swiss"]
[EventRounds "9"]
[EventCountry "RUS"]
[SourceTitle "EXT 2024"]
[Source "ChessBase"]
[SourceDate "2023.10.10"]
[SourceVersion "1"]
[SourceVersionDate "2023.10.10"]
[SourceQuality "1"]

1. d4 d5 2. c4 e6 3. Nc3 c5 4. cxd5 exd5 5. Nf3 Nc6 6. Bg5 Be7 7. Bxe7 Ngxe7 8. e3 c4 9. Be2 0-0 10. 0-0 Rb8 11. b3 b5 12. bxc4 bxc4 13. Qa4 Bf5 14. Rfc1 h6 15. Qa3 Qb6 16. Ne5 Qb4 17. Qxb4 Nxb4 18. a3 Nd3 19. Bxd3 cxd3 20. Rd1 f6 21. Nf3 Rfc8 22. Na4 Nc6 23. Nc5 Na5 24. Nxd3 Nb3 25. Rab1 Bxd3 26. Rxd3 Nxd4 27. Rxb8 Rxb8 28. Nd2 Nc2 29. h4 Rb2 30. Nf1 Rb5 31. Rc3 Rb2 32. Ng3 d4 33. exd4 Nxd4 34. Rc8+ Kh7 35. Rc7 Nb5 36. Rd7 Rc2 37. Nh5 Rc1+ 38. Kh2 Rc7 39. Nxf6+ Kg6 40. Rxc7 Nxc7 41. Ng4 Kf5 42. Kg3 h5 43. Ne3+ Ke4 44. a4 a5 45. Nc4 Ne6 46. f3+ Kf5 47. Nd6+ Ke5 48. Nb7 Kf5 49. Kf2 Nf4 50. g3 Nd5 51. Nd6+ Ke6 52. Nc4 Nc3 53. Nb2 Kd5 54. g4 hxg4 55. fxg4 Ke4 56. Kg3 Ne2+ 57. Kf2 Nc3 58. Kg3 Ne2+ 59. Kh3 Nf4+ 60. Kh2 Kf3 61. Nc4 Nd3 62. Nxa5 Nc5 63. Kh3 Nxa4 64. Nc6 Kf4 65. Ne7 Ke5 66. h5 Kf6 67. Ng6 Nc5 68. Kh4 Ne6 69. Kg3 Ng5 70. Nf4 Nf7 71. Kh4 Ne5 72. Nd5+ Ke6 73. Nc3 Kf7 74. Kg5 Kg8 75. Kf5 Nf7 76. Ne4 Nh6+ 77. Kg5 Kh7 78. Kh4 g6 79. Nf6+ Kg7 80. Ne8+ Kf7 81. Nd6+ Kg7 82. g5 Kh7 83. Ne4 Nf7 84. Nf6+ Kg7 85. Ne8+ Kh7 86. Nf6+ 1/2-1/2

[Event "Astana Zhuldyzdary op-A"]
[Site "Astana"]
[Date "2023.07.13"]
[Round "4"]
[White "Sivuk, Vitaly"]
[Black "Kazhgaleyev, Murtas"]
[Result "1-0"]
[WhiteElo "2432"]
[BlackElo "2503"]
[PlyCount "79"]
[EventDate "2023.07.11"]
[EventType "swiss"]
[EventRounds "10"]
[EventCountry "KAZ"]
[SourceTitle "CBM 215 Extra"]
[Source "ChessBase"]
[SourceDate "2023.09.30"]
[SourceVersion "1"]
[SourceVersionDate "2023.09.30"]
[SourceQuality "1"]

1. d4 Nf6 2. c4 g6 3. Nc3 Bg7 4. e4 d6 5. Nf3 0-0 6. Be2 e5 7. 0-0 Na6 8. Re1 Bg4 9. Be3 exd4 10. Nxd4 Bxe2 11. Qxe2 Re8 12. Qf3 Nd7 13. Rad1 c6 14. Qg3 Ne5 15. b3 Qa5 16. Bc1 Nc5 17. Re2 a6 18. Bb2 Qc7 19. f4 Ned7 20. Nf5 Bf8 21. Red2 Qb6 22. Qe3 d5 23. cxd5 gxf5 24. Qg3+ Bg7 25. Kh1 cxd5 26. exf5 Qh6 27. Rxd5 Re7 28. b4 Rae8 29. bxc5 Re3 30. Qf2 Nf6 31. Rd8 Ng4 32. Rxe8+ Rxe8 33. Qg3 Nf6 34. h3 Qh5 35. Rd5 Kh8 36. Re5 Rd8 37. Ne4 Rg8 38. Nxf6 Bxf6 39. Re8 Qd1+ 40. Kh2 1-0

[Event "Asian Continental op 20th"]
[Site "Almaty"]
[Date "2023.06.10"]
[Round "8"]
[White "Moldagali, Beksultan"]
[Black "Kazhgaleyev, Murtas"]
[Result "0-1"]
[WhiteElo "2106"]
[BlackElo "2506"]
[PlyCount "70"]
[EventDate "2023.06.04"]
[EventType "swiss"]
[EventRounds "9"]
[EventCountry "KAZ"]
[SourceTitle "CBM 214 Extra"]
[Source "ChessBase"]
[SourceDate "2023.07.31"]
[SourceVersion "1"]
[SourceVersionDate "2023.07.31"]
[SourceQuality "1"]

1. e4 e5 2. Nf3 Nc6 3. Nc3 Nf6 4. d4 exd4 5. Nxd4 d6 6. Bf4 Be7 7. f3 0-0 8. Qd2 Nxd4 9. Qxd4 Be6 10. 0-0-0 Nd7 11. Kb1 a6 12. g4 b5 13. h4 Bf6 14. Qd2 Be5 15. Be3 Qf6 16. Be2 Bxc3 17. bxc3 Bc4 18. Bxc4 bxc4 19. f4 Qe6 20. e5 Rfe8 21. Rhe1 Qxg4 22. exd6 c5 23. Qd5 h6 24. Bxc5 Rab8+ 25. Ka1 Rxe1 26. Rxe1 Qg3 27. Qd2 Nxc5 28. a3 Rd8 29. Re7 Qg1+ 30. Ka2 Qg6 31. d7 Rxd7 32. Rxd7 Nxd7 33. Qxd7 Qxc2+ 34. Ka1 Qxc3+ 35. Ka2 Qb3+ 0-1

[Event "Asian Continental op 20th"]
[Site "Almaty"]
[Date "2023.06.06"]
[Round "4"]
[White "Kazhgaleyev, Murtas"]
[Black "Ansat, Aldiyar"]
[Result "1/2-1/2"]
[WhiteElo "2506"]
[BlackElo "2384"]
[PlyCount "61"]
[EventDate "2023.06.04"]
[EventType "swiss"]
[EventRounds "9"]
[EventCountry "KAZ"]
[SourceTitle "CBM 214 Extra"]
[Source "ChessBase"]
[SourceDate "2023.07.31"]
[SourceVersion "1"]
[SourceVersionDate "2023.07.31"]
[SourceQuality "1"]

1. d4 Nf6 2. Nf3 g6 3. Nbd2 d5 4. b4 a5 5. b5 Nbd7 6. e3 c5 7. bxc6 bxc6 8. Be2 Bg7 9. 0-0 0-0 10. Ba3 Re8 11. c4 Ba6 12. Rb1 Qc7 13. cxd5 cxd5 14. Bxa6 Rxa6 15. Qa4 Qc6 16. Qb5 Rb6 17. Qxa5 Ra6 18. Qb4 Qa8 19. Bb2 Rb8 20. Qc3 Rxa2 21. Ra1 Rxa1 22. Bxa1 e6 23. Rc1 Bf8 24. g3 Qa3 25. Qxa3 Bxa3 26. Rb1 Rxb1+ 27. Nxb1 Bb4 28. Bc3 Bxc3 29. Nxc3 Kf8 30. Kf1 Ke7 31. Ke2 1/2-1/2

[Event "Cheliabinsk Lozovatsky Memorial-A"]
[Site "Cheliabinsk"]
[Date "2023.02.05"]
[Round "10"]
[White "Pingin, Artem"]
[Black "Kazhgaleyev, Murtas"]
[Result "0-1"]
[WhiteElo "2385"]
[BlackElo "2499"]
[PlyCount "172"]
[EventDate "2023.01.27"]
[EventType "swiss"]
[EventRounds "10"]
[EventCountry "RUS"]
[SourceTitle "CBM 212 Extra"]
[Source "ChessBase"]
[SourceDate "2023.03.31"]
[SourceVersion "1"]
[SourceVersionDate "2023.03.31"]
[SourceQuality "1"]

1. e4 e5 2. Nf3 Nc6 3. Bb5 a6 4. Ba4 Nf6 5. 0-0 b5 6. Bb3 Bb7 7. Re1 Bc5 8. c3 d6 9. d4 Bb6 10. Be3 0-0 11. Nbd2 h6 12. dxe5 dxe5 13. Bxb6 cxb6 14. a4 bxa4 15. Bxa4 b5 16. Bc2 Qc7 17. Nf1 Rac8 18. Nh4 b4 19. Re3 Nd4 20. Bd3 bxc3 21. bxc3 Qxc3 22. Bxa6 Qc7 23. Bxb7 Qxb7 24. Rb1 Qa7 25. Ng3 Rfd8 26. Rd3 Qa2 27. Nhf5 Ng4 28. Nxd4 Qxf2+ 29. Kh1 Qf4 30. Rf3 Nf2+ 31. Rxf2 Qxf2 32. Ngf5 exd4 33. Qg4 g6 34. Ne7+ Kg7 35. Nxc8 h5 36. Qh3 Qc2 37. Rf1 Qxc8 38. Qf3 Qe6 39. Qd3 Qe5 40. h3 Rd6 41. Rd1 Kg8 42. Kg1 Kg7 43. Kh1 g5 44. Rb1 Qf4 45. Rf1 Qe3 46. Qb5 Qxe4 47. Qxg5+ Rg6 48. Qd2 Qe3 49. Qxe3 dxe3 50. Re1 Rg3 51. Kg1 f5 52. Kf1 Kf6 53. Ra1 Rg7 54. Ke2 Rg3 55. Ra8 Kg5 56. Kf1 h4 57. Ra4 e2+ 58. Kxe2 Rxg2+ 59. Kf3 Rg3+ 60. Kf2 Rxh3 61. Kg2 Rg3+ 62. Kf2 Rg4 63. Ra8 Rb4 64. Kf3 Rb3+ 65. Kg2 Kg4 66. Rg8+ Kf4 67. Rf8 Rg3+ 68. Kf2 Rf3+ 69. Kg2 Re3 70. Ra8 Rc3 71. Ra4+ Kg5 72. Ra8 Rg3+ 73. Kf2 Rd3 74. Kg2 h3+ 75. Kh2 f4 76. Rf8 Kg4 77. Rg8+ Kf3 78. Kxh3 Ke2+ 79. Kh2 f3 80. Re8+ Re3 81. Rf8 Re7 82. Kg3 Rg7+ 83. Kh3 f2 84. Re8+ Kf1 85. Kh2 Rh7+ 86. Kg3 Kg1 0-1

[Event "Cheliabinsk Lozovatsky Memorial-A"]
[Site "Cheliabinsk"]
[Date "2023.02.01"]
[Round "6"]
[White "Kazhgaleyev, Murtas"]
[Black "Sapenov, Daniyal"]
[Result "1-0"]
[WhiteElo "2499"]
[BlackElo "2306"]
[PlyCount "65"]
[EventDate "2023.01.27"]
[EventType "swiss"]
[EventRounds "10"]
[EventCountry "RUS"]
[SourceTitle "CBM 212 Extra"]
[Source "ChessBase"]
[SourceDate "2023.03.31"]
[SourceVersion "1"]
[SourceVersionDate "2023.03.31"]
[SourceQuality "1"]

1. d4 Nf6 2. c4 e6 3. Nc3 Bb4 4. e3 0-0 5. a3 Bxc3+ 6. bxc3 Re8 7. f3 e5 8. e4 Nc6 9. d5 Na5 10. Bg5 b6 11. Nh3 d6 12. Nf2 h6 13. Bh4 g5 14. Bg3 Nh5 15. Bd3 Nf4 16. Kf1 Nxd3 17. Qxd3 Rf8 18. Kg1 f5 19. exf5 Bxf5 20. Qe2 Nb3 21. Re1 Nc5 22. h4 Qf6 23. hxg5 hxg5 24. Ne4 Bxe4 25. fxe4 Kg7 26. Rh5 Kg6 27. Bh4 Rh8 28. Rxg5+ Qxg5 29. Bxg5 Kxg5 30. Qe3+ Kh5 31. Qh3+ Kg6 32. Qg4+ Kh6 33. Re3 1-0

[Event "KAZ-ch"]
[Site "Semey"]
[Date "2022.12.08"]
[Round "9"]
[White "Utegaliev, Azamat"]
[Black "Kazhgaleyev, Murtas"]
[Result "1/2-1/2"]
[WhiteElo "2473"]
[BlackElo "2507"]
[PlyCount "63"]
[EventDate "2022.12.02"]
[EventType "tourn"]
[EventRounds "13"]
[EventCountry "KAZ"]
[EventCategory "7"]
[SourceTitle "CBM 211 Extra"]
[Source "ChessBase"]
[SourceDate "2023.01.31"]
[SourceVersion "1"]
[SourceVersionDate "2023.01.31"]
[SourceQuality "1"]

1. e4 e6 2. d4 d5 3. Nc3 Bb4 4. Nge2 Nc6 5. a3 Ba5 6. b4 Bb6 7. Bb2 Nge7 8. e5 Nf5 9. Na4 f6 10. g3 fxe5 11. dxe5 0-0 12. Qd3 d4 13. Nxb6 axb6 14. Qe4 Bd7 15. Rg1 Qe7 16. 0-0-0 Ra4 17. g4 Nh4 18. f4 Rfa8 19. Nxd4 Rxa3 20. Bxa3 Rxa3 21. Nb3 Be8 22. f5 Nxb4 23. f6 gxf6 24. exf6 Qxf6 25. Qxb4 Ra4 26. g5 Qg7 27. Qe1 Ra1+ 28. Nxa1 Qxa1+ 29. Kd2 Qd4+ 30. Kc1 Qa1+ 31. Kd2 Qd4+ 32. Kc1 1/2-1/2

[Event "KAZ-ch"]
[Site "Semey"]
[Date "2022.12.07"]
[Round "8"]
[White "Kazhgaleyev, Murtas"]
[Black "Sapenov, Daniyal"]
[Result "0-1"]
[WhiteElo "2507"]
[BlackElo "2324"]
[PlyCount "222"]
[EventDate "2022.12.02"]
[EventType "tourn"]
[EventRounds "13"]
[EventCountry "KAZ"]
[EventCategory "7"]
[SourceTitle "CBM 211 Extra"]
[Source "ChessBase"]
[SourceDate "2023.01.31"]
[SourceVersion "1"]
[SourceVersionDate "2023.01.31"]
[SourceQuality "1"]

1. d4 Nf6 2. c4 e6 3. Nc3 Bb4 4. e3 0-0 5. Bd3 Re8 6. Nge2 d5 7. 0-0 Nbd7 8. a3 Bf8 9. Qc2 dxc4 10. Bxc4 a6 11. Rd1 c5 12. d5 exd5 13. Nxd5 b5 14. Ba2 Nxd5 15. Bxd5 Ra7 16. a4 Qb6 17. axb5 axb5 18. Rxa7 Qxa7 19. Bc6 b4 20. Nf4 Qc7 21. Bb5 Re5 22. b3 Nb6 23. Bb2 Re7 24. h3 h6 25. Rc1 Bd7 26. Bd3 Re8 27. Qd2 Qd6 28. Rd1 Qe7 29. e4 Bc6 30. e5 Qg5 31. Bb1 c4 32. bxc4 Na4 33. h4 Qg4 34. Qc2 g6 35. Bc1 Nc3 36. Re1 Nxb1 37. Qxb1 Bd6 38. Qb2 Qf5 39. c5 Rxe5 40. Rxe5 Bxe5 41. Qxb4 Qg4 42. f3 Bxf3 43. Qe1 Bd4+ 44. Kh2 Bc6 45. Qe7 Kg7 46. Bd2 Qf5 47. Qe2 Qxc5 48. Qd3 Bf6 49. Qg3 Qe5 50. Be3 Qf5 51. Qf2 Qe4 52. Bc1 Kg8 53. Be3 Be5 54. Kg1 Qf5 55. Ne2 Qb1+ 56. Nc1 Qe4 57. Ne2 Qb1+ 58. Nc1 Bb2 59. Qd2 Qe4 60. Nb3 Qxh4 61. Nd4 Bd5 62. Ne2 Bg7 63. Nf4 Be4 64. Qe2 Qf6 65. Qc4 Qf5 66. Qe2 Bf6 67. Nh3 h5 68. Qd2 Bc6 69. Bg5 Qc5+ 70. Kh2 Bd4 71. Bf4 Qd5 72. Qe2 Qe4 73. Qd2 Bf6 74. Qf2 Qf5 75. Qe2 Kg7 76. Qd2 Qg4 77. Bh6+ Kg8 78. Bg5 Be5+ 79. Bf4 Bxf4+ 80. Nxf4 Qf5 81. Qd4 Be4 82. Qd6 Kg7 83. Qd4+ Kh7 84. Nh3 Bd5 85. Qe3 Kg7 86. Qd4+ f6 87. Nf4 Bf7 88. Nd3 Qd5 89. Qe3 Qd6+ 90. Kg1 g5 91. Nc5 h4 92. Nd3 Qe6 93. Qd4 Qe2 94. Qd7 Qe3+ 95. Kh1 Kg6 96. Qb5 h3 97. gxh3 Qxh3+ 98. Kg1 Qg4+ 99. Kh2 Qe2+ 100. Kg1 Qe3+ 101. Kf1 Qe4 102. Nb2 Qf5+ 103. Qxf5+ Kxf5 104. Kf2 Ke4 105. Nd1 f5 106. Nc3+ Ke5 107. Ne2 f4 108. Nc3 Bd5 109. Ne2 g4 110. Ke1 Bc4 111. Nc3 g3 0-1

[Event "KAZ-ch"]
[Site "Semey"]
[Date "2022.12.04"]
[Round "4"]
[White "Kazhgaleyev, Murtas"]
[Black "Urazayev, Arystanbek"]
[Result "1/2-1/2"]
[WhiteElo "2507"]
[BlackElo "2458"]
[PlyCount "101"]
[EventDate "2022.12.02"]
[EventType "tourn"]
[EventRounds "13"]
[EventCountry "KAZ"]
[EventCategory "7"]
[SourceTitle "CBM 211 Extra"]
[Source "ChessBase"]
[SourceDate "2023.01.31"]
[SourceVersion "1"]
[SourceVersionDate "2023.01.31"]
[SourceQuality "1"]

1. d4 d5 2. c4 e6 3. Nc3 Nf6 4. Bg5 dxc4 5. e3 a6 6. Bxc4 c5 7. Nf3 b5 8. Bb3 Bb7 9. 0-0 Be7 10. Qe2 Nbd7 11. Rad1 Qb6 12. d5 exd5 13. Nxd5 Bxd5 14. Bxd5 Rd8 15. e4 0-0 16. Bb3 c4 17. Bc2 h6 18. Bh4 Rfe8 19. e5 Nh7 20. Qe4 Nhf8 21. Bg3 Nc5 22. Qe3 Nfe6 23. b4 cxb3 24. Bxb3 Rxd1 25. Rxd1 Rd8 26. h4 Rxd1+ 27. Bxd1 Qa5 28. Qd2 Qxd2 29. Nxd2 Nd3 30. Nb3 Ba3 31. Bc2 Nb4 32. Bb1 Nd5 33. Be4 Nc3 34. Bb7 Nc7 35. e6 Ne2+ 36. Kh2 Nxg3 37. exf7+ Kxf7 38. Kxg3 Ke6 39. f4 Kd6 40. Kf3 Bb2 41. Ke4 Bc3 42. g4 a5 43. Kd3 Be1 44. Nd4 Ne6 45. Nxe6 Kxe6 46. h5 Kf6 47. Bc6 b4 48. Ba4 Bg3 49. Ke4 Be1 50. Bb3 Bd2 51. Ba4 1/2-1/2